| 000 | 01137nam a22002057a 4500 | ||
|---|---|---|---|
| 005 | 20180405114919.0 | ||
| 010 | _aB-690310-311 | ||
| 020 |
_a9788182020238 _c395.00 |
||
| 035 | _aB-690310-311 | ||
| 037 | _bलोकप्रिय प्रकाशन | ||
| 082 | _a921 | ||
| 100 | _aतिवारी, प्रहलाद | ||
| 245 |
_aमहान समाज सुधारक राजा राममोहन राय / _cप्रहलाद तिवारी |
||
| 260 |
_aदिल्ली _bदेवांशु प्रकाशन _c395.00 |
||
| 270 |
_a18-बी, साऊथ अनारकली _bदिल्ली _e110051 |
||
| 300 |
_a144पृ. _b22 सेमी (सजिल्द) |
||
| 500 | _aबलिदानी पुस्तक | ||
| 942 |
_2ddc _cHN _h921 _mतिवारी |
||
| 999 |
_c150786 _d150786 |
||